000 00601nam a22002297a 4500
003 UA-OsUOA
001 49611
007 ta
008 20071010b un ||||| |||| 00| 0 ukr d
100 _aСмаль-Стоцький С.
090 _a82.09
_bС50
942 _cBK
040 _aUA-OsUOA
_bukr
_cUA-OsUOA
_dUA-OsUOA
245 _aТ. Шевченко. Інтерпретації
300 _a281 с.
955 _a1
041 _aukr
080 _a82.09
260 _aЧеркаси
_c2003
650 7 _a82 Література. Літературознавство
_2UDC
999 _c335718
_d335718